[Event "Vigevano op 1st"]
[Site "Vigevano"]
[Date "2025.06.02"]
[Round "7"]
[White "De Dovitiis, Alejo"]
[Black "Sorcinelli, Francesco"]
[Result "0-1"]
[WhiteElo "2218"]
[BlackElo "2046"]
[PlyCount "56"]
[EventDate "2025.05.31"]
[EventType "swiss"]
[EventRounds "7"]
[EventCountry "ITA"]
[SourceTitle "CB23_2025"]
[SourceDate "2025.06.04"]
[SourceVersion "1"]
[SourceVersionDate "2025.06.04"]
[SourceQuality "1"]

1. e4 c5 2. c3 d5 3. exd5 Qxd5 4. d4 Nf6 5. Nf3 Bg4 6. Be2 cxd4 7. cxd4 e6 8. Nc3 Qa5 9. 0-0 Nc6 10. h3 Bh5 11. Be3 Be7 12. a3 0-0 13. Qb3 Rfc8 14. g4 Bg6 15. Qxb7 Rab8 16. Qa6 Qd8 17. Ne5 Nxd4 18. Bxd4 Qxd4 19. Nc6 Rxc6 20. Qxc6 h5 21. Rad1 Qe5 22. b4 hxg4 23. hxg4 a5 24. Bf3 axb4 25. axb4 Bxb4 26. Ne2 Bc5 27. Kg2 Nxg4 28. Rc1 Qh2# 0-1

[Event "Turin op 54th"]
[Site "Turin"]
[Date "2025.01.06"]
[Round "9"]
[White "Carnicelli, Valerio"]
[Black "Sorcinelli, Francesco"]
[Result "1-0"]
[WhiteElo "2362"]
[BlackElo "1999"]
[PlyCount "129"]
[EventDate "2024.12.30"]
[EventType "swiss"]
[EventRounds "9"]
[EventCountry "ITA"]
[SourceTitle "CB02_2025"]
[SourceDate "2025.01.08"]
[SourceVersion "1"]
[SourceVersionDate "2025.01.08"]
[SourceQuality "1"]

1. e4 e5 2. Nf3 Nc6 3. Bc4 Nf6 4. d3 Be7 5. 0-0 0-0 6. Re1 d6 7. a4 Kh8 8. Nc3 Bg4 9. Be3 Nd4 10. Bxd4 exd4 11. Nb5 c5 12. h3 Bh5 13. c3 a6 14. Na3 dxc3 15. bxc3 Nd7 16. g4 Bg6 17. Rb1 Rb8 18. Kg2 Qa5 19. Qb3 Bf6 20. Rec1 Ne5 21. Nxe5 Bxe5 22. Bd5 Qd8 23. Qd1 Qg5 24. Kf1 Qh6 25. Kg2 Qf4 26. Qf3 Qh2+ 27. Kf1 b5 28. axb5 axb5 29. Rxb5 Rxb5 30. Nxb5 Rb8 31. Rb1 h6 32. Ke2 Bf6 33. Qg3 Qxg3 34. fxg3 Be5 35. Kf3 Rb6 36. h4 Kg8 37. h5 Bh7 38. Ra1 g5 39. Ra8+ Kg7 40. c4 Bg8 41. Kg2 Bh7 42. Kf2 Bg8 43. Kf3 Bh7 44. Ra7 Bg8 45. Kg2 Rb8 46. Ra6 Rd8 47. Kf2 Kf8 48. Ra7 Rb8 49. Kf3 Kg7 50. Bb7 Kf6 51. Nc7 Kg7 52. Nd5 Kf8 53. Nb6 Kg7 54. Nd7 Re8 55. Nxe5 dxe5 56. Bd5 Rb8 57. Rc7 Rb3 58. Ke3 Rb1 59. Rxc5 Rg1 60. Kf2 Rd1 61. Rc8 Rxd3 62. c5 Rc3 63. c6 Bh7 64. Rd8 Rc2+ 65. Ke3 1-0

[Event "Turin op 54th"]
[Site "Turin"]
[Date "2025.01.03"]
[Round "5"]
[White "Sorcinelli, Francesco"]
[Black "Barp, Alberto"]
[Result "0-1"]
[WhiteElo "1999"]
[BlackElo "2444"]
[PlyCount "66"]
[EventDate "2024.12.30"]
[EventType "swiss"]
[EventRounds "9"]
[EventCountry "ITA"]
[SourceTitle "CB02_2025"]
[SourceDate "2025.01.08"]
[SourceVersion "1"]
[SourceVersionDate "2025.01.08"]
[SourceQuality "1"]

1. d4 d5 2. Bf4 Nf6 3. e3 c5 4. Nf3 Nc6 5. Nbd2 e6 6. c3 cxd4 7. exd4 Nh5 8. Be3 Bd6 9. Bb5 Nf4 10. Bxf4 Bxf4 11. 0-0 0-0 12. Bxc6 bxc6 13. Nb3 f6 14. Re1 Re8 15. Nc5 Bd6 16. b4 a5 17. a4 e5 18. Qb3 Kh8 19. b5 Qb6 20. Rad1 Bf5 21. bxc6 Bxc5 22. Qxd5 Bf8 23. dxe5 Rad8 24. Qb5 Bc5 25. exf6 Rxe1+ 26. Rxe1 Bxf2+ 27. Kf1 Qxb5+ 28. axb5 Bxe1 29. c7 Bd3+ 30. Kxe1 Re8+ 31. Kd2 Bxb5 32. f7 Rc8 33. Nd4 Bc4 0-1

[Event "Titled Tuesday intern op 17th Sep Early"]
[Site "Chess,com INT"]
[Date "2024.09.17"]
[Round "2"]
[White "Kopczynski, Michal"]
[Black "Sorcinelli, Francesco"]
[Result "1-0"]
[WhiteElo "2225"]
[BlackElo "1971"]
[PlyCount "73"]
[EventDate "2024.09.17"]
[EventType "swiss (blitz)"]
[EventRounds "11"]
[EventCountry "USA"]
[SourceTitle "EXT 2025"]
[Source "ChessBase"]
[SourceDate "2024.10.14"]
[SourceVersion "1"]
[SourceVersionDate "2024.10.14"]
[SourceQuality "1"]

1. e4 g6 2. d4 Bg7 3. Nc3 d6 4. Bg5 h6 5. Bh4 a6 6. Qd2 b5 7. 0-0-0 Bb7 8. f3 Nd7 9. g4 Rc8 10. Nce2 c5 11. d5 Ngf6 12. g5 hxg5 13. Bxg5 Ne5 14. Ng3 Nc4 15. Bxc4 bxc4 16. N1e2 Nd7 17. f4 Qb6 18. e5 dxe5 19. f5 e4 20. Nc3 Ne5 21. Ngxe4 Nf3 22. Qe3 Nxg5 23. Nxg5 0-0 24. fxg6 Qxg6 25. Rhg1 Bd4 26. Rxd4 cxd4 27. Qxd4 e5 28. dxe6 Rfd8 29. exf7+ Qxf7 30. Nxf7+ Kxf7 31. Rg7+ Ke6 32. Qb6+ Bc6 33. Qxa6 Kd6 34. Qxc4 Rf8 35. Qb4+ Ke5 36. b3 Rf1+ 37. Kb2 1-0

[Event "Titled Tuesday intern op 17th Sep Early"]
[Site "Chess,com INT"]
[Date "2024.09.17"]
[Round "10"]
[White "Sorcinelli, Francesco"]
[Black "Korpics, Zsolt"]
[Result "1/2-1/2"]
[WhiteElo "1971"]
[BlackElo "2300"]
[PlyCount "59"]
[EventDate "2024.09.17"]
[EventType "swiss (blitz)"]
[EventRounds "11"]
[EventCountry "USA"]
[SourceTitle "EXT 2025"]
[Source "ChessBase"]
[SourceDate "2024.10.14"]
[SourceVersion "1"]
[SourceVersionDate "2024.10.14"]
[SourceQuality "1"]

1. Nf3 Nf6 2. g3 d5 3. c4 e6 4. Bg2 Be7 5. 0-0 0-0 6. b3 c6 7. Bb2 b6 8. d3 Nbd7 9. Nbd2 Bb7 10. Qc2 Rc8 11. Rad1 Qc7 12. Qb1 Rfd8 13. Qa1 c5 14. e3 a6 15. Rc1 Qb8 16. Rc2 b5 17. Rfc1 dxc4 18. dxc4 b4 19. Rd1 Qa8 20. Nh4 Bxg2 21. Nxg2 Bf8 22. Nf1 Ng4 23. Rcd2 Nde5 24. Bxe5 Qf3 25. Bb2 Nxf2 26. Rxd8 Nh3+ 27. Kh1 Nf2+ 28. Kg1 Nh3+ 29. Kh1 Nf2+ 30. Kg1 1/2-1/2

[Event "Titled Tuesday intern op 03rd Sep Early"]
[Site "Chess.com INT"]
[Date "2024.09.03"]
[Round "2"]
[White "Sorcinelli, Francesco"]
[Black "Bynum, Jacorey"]
[Result "1-0"]
[WhiteElo "1971"]
[BlackElo "2109"]
[PlyCount "67"]
[EventDate "2024.09.03"]
[EventType "swiss (blitz)"]
[EventRounds "11"]
[EventCountry "USA"]
[SourceTitle "EXT 2025"]
[Source "ChessBase"]
[SourceDate "2024.10.14"]
[SourceVersion "1"]
[SourceVersionDate "2024.10.14"]
[SourceQuality "1"]

1. Nf3 Nf6 2. d4 e6 3. g3 b6 4. Bg2 Bb7 5. 0-0 d5 6. b3 Be7 7. Bb2 0-0 8. c4 c5 9. cxd5 Nxd5 10. dxc5 Bxc5 11. e4 Ne7 12. Qe2 Nbc6 13. Nc3 a6 14. Rfd1 Qb8 15. e5 Nb4 16. Ne4 Bxe4 17. Qxe4 Nbd5 18. Ng5 g6 19. Qh4 h5 20. a3 a5 21. Be4 Ra7 22. Bxd5 Nxd5 23. Ne4 Be7 24. Nf6+ Kg7 25. Rxd5 exd5 26. Qg5 Rh8 27. e6 Kf8 28. exf7 Bxf6 29. Bxf6 Rh7 30. Be5 Qc8 31. Qxg6 Raxf7 32. Bd6+ Ke8 33. Re1+ Kd7 34. Qe6+ 1-0

[Event "Titled Tuesday intern op 19th Sep Late"]
[Site "Chess.com INT"]
[Date "2023.09.19"]
[Round "11"]
[White "Harish, Neeraj"]
[Black "Sorcinelli, Francesco"]
[Result "0-1"]
[WhiteElo "2042"]
[BlackElo "2001"]
[PlyCount "104"]
[EventDate "2023.09.19"]
[EventType "swiss (blitz)"]
[EventRounds "11"]
[EventCountry "USA"]
[SourceTitle "EXT 2024"]
[Source "ChessBase"]
[SourceDate "2023.10.10"]
[SourceVersion "1"]
[SourceVersionDate "2023.10.10"]
[SourceQuality "1"]

1. e4 g6 2. d4 Bg7 3. Nc3 d6 4. f4 a6 5. Nf3 b5 6. Bd3 Bb7 7. 0-0 Nd7 8. a4 b4 9. Ne2 c5 10. c3 Ngf6 11. Ng3 bxc3 12. bxc3 cxd4 13. cxd4 0-0 14. Qe2 e6 15. Ba3 Ne8 16. f5 exf5 17. exf5 Bxf3 18. Qxf3 Bxd4+ 19. Kh1 Bxa1 20. Rxa1 Ne5 21. Qd1 Nxd3 22. Qxd3 Nf6 23. Bb2 Ng4 24. Qd4 Ne5 25. Re1 Rb8 26. Ne4 f6 27. Nxd6 Rxb2 28. Qxb2 Qxd6 29. fxg6 hxg6 30. Qb3+ Kg7 31. Qb7+ Rf7 32. Qb3 Rd7 33. h3 Qd5 34. Rb1 Qxb3 35. Rxb3 Rd4 36. a5 Ra4 37. Rb7+ Kh6 38. Ra7 Rxa5 39. Kh2 Ra2 40. Kg3 a5 41. Ra8 a4 42. Ra6 Kg7 43. Ra7+ Nf7 44. Ra6 a3 45. Ra7 Ra1 46. Kh2 a2 47. Kg3 g5 48. Kf2 Kg6 49. Kg3 Nd6 50. Kh2 Nb5 51. Ra6 Nc3 52. Ra3 Rc1 0-1

[Event "Titled Tuesday intern op 19th Sep Late"]
[Site "Chess.com INT"]
[Date "2023.09.19"]
[Round "10"]
[White "Sorcinelli, Francesco"]
[Black "Slavin, Alexei"]
[Result "1-0"]
[WhiteElo "2001"]
[BlackElo "2364"]
[PlyCount "115"]
[EventDate "2023.09.19"]
[EventType "swiss (blitz)"]
[EventRounds "11"]
[EventCountry "USA"]
[SourceTitle "EXT 2024"]
[Source "ChessBase"]
[SourceDate "2023.10.10"]
[SourceVersion "1"]
[SourceVersionDate "2023.10.10"]
[SourceQuality "1"]

1. Nf3 Nc6 2. d4 d6 3. g3 Nf6 4. Bg2 Bg4 5. 0-0 Qc8 6. c4 e5 7. d5 Ne7 8. Nc3 Ng6 9. e4 a6 10. Be3 Be7 11. Rc1 0-0 12. Qd3 Bh3 13. b4 Bxg2 14. Kxg2 h6 15. h3 Nh7 16. c5 Qd8 17. a4 Ng5 18. Bxg5 Bxg5 19. Rc2 Be7 20. cxd6 cxd6 21. b5 Qa5 22. bxa6 bxa6 23. Rb1 Rfc8 24. Rb7 Bf8 25. Nd2 h5 26. Nc4 Qd8 27. a5 h4 28. Nb6 Rab8 29. Nxc8 Rxb7 30. Nb6 hxg3 31. fxg3 Qg5 32. Kh2 Rc7 33. Ne2 Rxc2 34. Qxc2 Qe3 35. Kg2 Qa3 36. Nc4 Qc5 37. Qd3 Be7 38. Nc3 Bg5 39. Na4 Qb4 40. Nab6 Bf4 41. Qf3 Bc1 42. h4 Bb2 43. h5 Nf8 44. h6 gxh6 45. Qg4+ Ng6 46. Qd7 Bd4 47. Qxd6 Qc3 48. Qf6 Qc2+ 49. Kh3 Qd1 50. Qd8+ Kg7 51. Qd7 Qh1+ 52. Kg4 h5+ 53. Kg5 h4 54. Qg4 hxg3 55. Qxg3 Qc1+ 56. Kf5 Qf1+ 57. Kg4 Qe2+ 58. Kf5 1-0

[Event "Arco op 41st"]
[Site "Arco"]
[Date "2019.10.12"]
[Round "9"]
[White "Sorcinelli, Francesco"]
[Black "Wild, Helmut"]
[Result "1-0"]
[WhiteElo "2065"]
[BlackElo "1870"]
[PlyCount "50"]
[EventDate "2019.10.04"]
[EventType "swiss"]
[EventRounds "9"]
[EventCountry "ITA"]
[SourceTitle "EXT 2021"]
[Source "ChessBase"]
[SourceDate "2020.10.23"]
[SourceVersion "1"]
[SourceVersionDate "2020.10.23"]
[SourceQuality "1"]

1. e4 c6 2. d4 d5 3. e5 Bf5 4. h4 h5 5. Bd3 Bxd3 6. Qxd3 e6 7. Nf3 Be7 8. Nbd2 Nh6 9. Nb3 Nf5 10. Bg5 Nd7 11. 0-0-0 a5 12. Kb1 Rc8 13. c4 dxc4 14. Qxc4 Nb6 15. Qe2 Nd5 16. Nc5 Qb6 17. Ne4 c5 18. Bxe7 Kxe7 19. dxc5 Rxc5 20. Qd2 Rc4 21. Qg5+ f6 22. exf6+ Nxf6 23. Ne5 Rh6 24. Nxf6 gxf6 25. Nxc4 Qxf2 1-0

[Event "Arco op 41st"]
[Site "Arco"]
[Date "2019.10.10"]
[Round "7"]
[White "Sorcinelli, Francesco"]
[Black "Sprotte, Norbert"]
[Result "0-1"]
[WhiteElo "2065"]
[BlackElo "2177"]
[PlyCount "101"]
[EventDate "2019.10.04"]
[EventType "swiss"]
[EventRounds "9"]
[EventCountry "ITA"]
[SourceTitle "EXT 2020"]
[Source "ChessBase"]
[SourceDate "2019.10.17"]
[SourceVersion "1"]
[SourceVersionDate "2019.10.17"]
[SourceQuality "1"]

1. e4 e6 2. d4 d5 3. e5 c5 4. c3 Qb6 5. Nf3 Nc6 6. Bd3 cxd4 7. cxd4 Bd7 8. 0-0 Nxd4 9. Nbd2 Nxf3+ 10. Nxf3 Bb5 11. Be3 Qa6 12. Bxb5+ Qxb5 13. Nd4 Qd7 14. Rc1 Ne7 15. f4 g6 16. Rf2 Nc6 17. Rfc2 Rc8 18. g4 Bh6 19. g5 Bf8 20. Nb3 b6 21. Nd4 Bc5 22. Rxc5 bxc5 23. Nb5 Nxe5 24. Qa4 Nc4 25. Rxc4 dxc4 26. Nd6+ Ke7 27. Nxc8+ Rxc8 28. Qxc4 Qd5 29. Qc3 Rc7 30. b4 c4 31. Qf6+ Kd7 32. Qxf7+ Kc8 33. Qe8+ Kb7 34. Qa4 a6 35. Qc2 Rd7 36. Kf2 Qd3 37. Qa4 Qd5 38. Qc2 Rc7 39. a4 Qd3 40. Qc1 c3 41. b5 axb5 42. axb5 Qxb5 43. Qh1+ Rc6 44. Qd1 Qb2+ 45. Kg3 c2 46. Qd7+ Rc7 47. Qa4 c1Q 48. Qa7+ Kc8 49. Qa8+ Kd7 50. Bxc1 Qxc1 51. Qa4+ 0-1

[Event "Arco op 41st"]
[Site "Arco"]
[Date "2019.10.06"]
[Round "3"]
[White "Schroeder, Wilfried"]
[Black "Sorcinelli, Francesco"]
[Result "1-0"]
[WhiteElo "2195"]
[BlackElo "2065"]
[PlyCount "121"]
[EventDate "2019.10.04"]
[EventType "swiss"]
[EventRounds "9"]
[EventCountry "ITA"]
[SourceTitle "EXT 2020"]
[Source "ChessBase"]
[SourceDate "2019.10.17"]
[SourceVersion "1"]
[SourceVersionDate "2019.10.17"]
[SourceQuality "1"]

1. d4 Nf6 2. Nf3 g6 3. c4 Bg7 4. g3 0-0 5. Bg2 d6 6. 0-0 Nc6 7. Nc3 a6 8. d5 Na5 9. b3 Nxd5 10. Nxd5 Bxa1 11. Bd2 Nxc4 12. Bg5 Bf6 13. Bxf6 exf6 14. bxc4 c6 15. Nc3 Be6 16. Qd4 f5 17. e4 f6 18. exf5 Bxf5 19. g4 Be6 20. Re1 Qd7 21. Ne4 Bxg4 22. Nxf6+ Rxf6 23. Qxf6 Rf8 24. Qh4 Qf5 25. Nd2 Qf4 26. Ne4 d5 27. cxd5 cxd5 28. Ng5 h5 29. Bxd5+ Kh8 30. Re3 Qd4 31. Bf3 Qa1+ 32. Kg2 Bxf3+ 33. Nxf3 Qxa2 34. Qd4+ Kg8 35. Re7 Rf7 36. Re8+ Rf8 37. Rxf8+ Kxf8 38. Qd6+ Kg7 39. Qe5+ Kf8 40. Qb8+ Kg7 41. Qxb7+ Kg8 42. Qb8+ Kg7 43. Qe5+ Kg8 44. Qf6 Qb1 45. Qxa6 Qe4 46. Qf6 Qg4+ 47. Kh1 Qe4 48. h3 Qb1+ 49. Kg2 Qe4 50. Kg3 Qd3 51. Qe6+ Kg7 52. Kg2 Qd8 53. Qe5+ Kh6 54. h4 Qc8 55. Qg5+ Kg7 56. Qf4 Qb7 57. Kg3 Qb1 58. Qe5+ Kg8 59. Qd5+ Kg7 60. Kg2 Kh6 61. Qg8 1-0

[Event "Bergamo op 16th"]
[Site "Bergamo"]
[Date "2017.07.15"]
[Round "3"]
[White "Damia, Angelo"]
[Black "Sorcinelli, Francesco"]
[Result "1-0"]
[WhiteElo "2378"]
[BlackElo "2115"]
[PlyCount "43"]
[EventDate "2017.07.14"]
[EventType "swiss"]
[EventRounds "9"]
[EventCountry "ITA"]
[SourceTitle "EXT 2018"]
[Source "ChessBase"]
[SourceDate "2017.10.13"]
[SourceVersion "1"]
[SourceVersionDate "2017.10.13"]
[SourceQuality "1"]

1. d4 d5 2. c4 e6 3. Nc3 Nf6 4. Bg5 Nbd7 5. cxd5 exd5 6. e3 Be7 7. Qc2 0-0 8. Bd3 h6 9. Bf4 c6 10. Nf3 Re8 11. 0-0 Nh5 12. Nxd5 Nxf4 13. Nxf4 Bd6 14. Ne2 Nf6 15. Bf5 Bxf5 16. Qxf5 Ne4 17. Nc3 g6 18. Qh3 Kg7 19. Nxe4 Rxe4 20. g3 g5 21. Qf5 Qe7 22. Ne5 1-0

[Event "Torino-ch sf"]
[Site "Torino"]
[Date "2016.05.23"]
[Round "4"]
[White "Sorcinelli, Francesco"]
[Black "Fassio, Luca"]
[Result "1-0"]
[WhiteElo "2119"]
[BlackElo "1990"]
[PlyCount "107"]
[EventDate "2016.05.02"]
[EventType "swiss"]
[EventRounds "7"]
[EventCountry "ITA"]
[SourceTitle "EXT 2018"]
[Source "ChessBase"]
[SourceDate "2017.10.13"]
[SourceVersion "1"]
[SourceVersionDate "2017.10.13"]
[SourceQuality "1"]

1. d4 Nf6 2. c4 c5 3. d5 e6 4. Nc3 exd5 5. cxd5 d6 6. e4 g6 7. f4 Bg7 8. Nf3 0-0 9. Be2 Re8 10. e5 dxe5 11. fxe5 Ng4 12. Bg5 f6 13. exf6 Bxf6 14. Qd2 Bxg5 15. Qxg5 Qxg5 16. Nxg5 Ne3 17. Kf2 Bf5 18. Bf3 Na6 19. d6 Nb4 20. Nge4 Nec2 21. Nf6+ Kf7 22. Nxe8 Nxa1 23. Nc7 Rd8 24. Rxa1 Rxd6 25. Rd1 Nd3+ 26. Ke3 Rd7 27. Be4 c4 28. Bxf5 gxf5 29. N7d5 Nxb2 30. Rb1 Nd3 31. Kd4 Nf4 32. Rf1 Nxg2 33. Rxf5+ Kg6 34. Rf2 Nh4 35. Kxc4 Nf5 36. a4 b6 37. Re2 Kf7 38. Re5 Nd6+ 39. Kd4 a6 40. Nxb6 Nb5+ 41. Ke3 Rb7 42. Nxb5 Rxb6 43. a5 Rh6 44. Nc7 Rc6 45. Nd5 Rc5 46. Rh5 Rxa5 47. Rxh7+ Kg6 48. Rd7 Ra2 49. Nf4+ Kf5 50. Rd5+ Kg4 51. h3+ Kh4 52. Rh5+ Kg3 53. Rg5+ Kh4 54. Rg4# 1-0

[Event "Torino-ch sf"]
[Site "Torino"]
[Date "2016.05.16"]
[Round "3"]
[White "Di Chiara, Mauro"]
[Black "Sorcinelli, Francesco"]
[Result "0-1"]
[WhiteElo "1967"]
[BlackElo "2119"]
[PlyCount "84"]
[EventDate "2016.05.02"]
[EventType "swiss"]
[EventRounds "7"]
[EventCountry "ITA"]
[SourceTitle "EXT 2018"]
[Source "ChessBase"]
[SourceDate "2017.10.13"]
[SourceVersion "1"]
[SourceVersionDate "2017.10.13"]
[SourceQuality "1"]

1. Nf3 Nf6 2. c4 e6 3. d4 c5 4. e3 g6 5. Nc3 Bg7 6. Be2 0-0 7. 0-0 b6 8. d5 exd5 9. cxd5 d6 10. e4 Re8 11. Nd2 Na6 12. a4 Nb4 13. f3 Qe7 14. Nc4 Ba6 15. Bf4 Bxc4 16. Bxc4 a6 17. Re1 Nh5 18. Be3 Be5 19. Qd2 Qh4 20. g4 Nf6 21. Bg5 Qh3 22. Rf1 h5 23. Bxf6 Bxf6 24. gxh5 Qxh5 25. Na2 Nxa2 26. Bxa2 Kg7 27. Bc4 Be5 28. Rae1 g5 29. Qg2 b5 30. axb5 axb5 31. Be2 Qh4 32. Ra1 Rxa1 33. Rxa1 Bxb2 34. Rb1 Bd4+ 35. Kh1 Ra8 36. Qg3 Qxg3 37. hxg3 b4 38. Bc4 Ra3 39. Rb3 Ra1+ 40. Kg2 Rg1+ 41. Kh3 Be5 42. Kg4 Kg6 0-1

[Event "ITA-chT 47th"]
[Site "Civitanova Marche"]
[Date "2015.05.02"]
[Round "6.5"]
[White "Quirico, Paolo"]
[Black "Sorcinelli, Francesco"]
[Result "1/2-1/2"]
[WhiteElo "2101"]
[BlackElo "2140"]
[PlyCount "24"]
[EventDate "2015.04.29"]
[EventType "team-swiss"]
[EventRounds "7"]
[EventCountry "ITA"]
[SourceTitle "CBM 166 Extra"]
[Source "ChessBase"]
[SourceDate "2015.06.18"]
[SourceVersion "1"]
[SourceVersionDate "2015.06.18"]
[SourceQuality "1"]
[WhiteTeam "Acqui Terme Collino"]
[BlackTeam "Torino"]
[WhiteTeamCountry "ITA"]
[BlackTeamCountry "ITA"]

1. d4 d5 2. Nf3 Nf6 3. e3 g6 4. Nbd2 Bg7 5. b4 0-0 6. Be2 Nbd7 7. Bb2 b6 8. 0-0 Bb7 9. Rc1 c5 10. bxc5 bxc5 11. c4 cxd4 12. Bxd4 dxc4 1/2-1/2

[Event "Vercelli op"]
[Site "Vercelli"]
[Date "2014.06.15"]
[Round "4"]
[White "Montilli, Vincenzo"]
[Black "Sorcinelli, Francesco"]
[Result "0-1"]
[WhiteElo "2060"]
[BlackElo "2168"]
[PlyCount "106"]
[EventDate "2014.06.13"]
[EventType "swiss"]
[EventRounds "5"]
[EventCountry "ITA"]
[SourceTitle "EXT 2024"]
[Source "ChessBase"]
[SourceDate "2023.10.10"]
[SourceVersion "1"]
[SourceVersionDate "2023.10.10"]
[SourceQuality "1"]

1. d4 Nf6 2. c4 g6 3. Nc3 Bg7 4. e4 d6 5. Nf3 0-0 6. h3 e5 7. d5 a5 8. Bg5 Na6 9. Be2 Qe8 10. g4 Kh8 11. Nd2 Ng8 12. h4 f6 13. Be3 f5 14. gxf5 gxf5 15. Bg5 Nf6 16. a3 Nc5 17. Be3 Ncxe4 18. Ndxe4 Nxe4 19. Nxe4 fxe4 20. Qd2 Bf5 21. 0-0-0 Bf6 22. Rdg1 Qe7 23. h5 b6 24. Rg3 Rg8 25. Rhg1 Bh4 26. Rxg8+ Rxg8 27. Rxg8+ Kxg8 28. b4 axb4 29. axb4 Qg7 30. Kb2 Qg2 31. Bd1 Bg4 32. c5 Bxd1 33. Qxd1 bxc5 34. bxc5 Bg5 35. Bxg5 Qxg5 36. cxd6 cxd6 37. Qc2 Qxh5 38. Qc8+ Kg7 39. Qd7+ Qf7 40. Qg4+ Qg6 41. Qd7+ Kh6 42. Qh3+ Kg5 43. Qe3+ Kf6 44. Qb6 Kf5 45. Qd8 h5 46. Qc8+ Kg5 47. Qd8+ Qf6 48. Qg8+ Kh6 49. Kc3 h4 50. Kc4 h3 51. Qg3 Qf3 52. Qh4+ Kg6 53. Kb5 e3 0-1

[Event "Biella op-A 4th"]
[Site "Biella"]
[Date "2013.09.29"]
[Round "5"]
[White "Sorcinelli, Francesco"]
[Black "Rey, Fabrice"]
[Result "1-0"]
[WhiteElo "2197"]
[BlackElo "2156"]
[PlyCount "53"]
[EventDate "2013.09.27"]
[EventType "swiss"]
[EventRounds "5"]
[EventCountry "ITA"]
[SourceTitle "CBM 156 Extra"]
[Source "ChessBase"]
[SourceDate "2013.10.22"]
[SourceVersion "1"]
[SourceVersionDate "2013.10.22"]
[SourceQuality "1"]

1. Nf3 d5 2. c4 e6 3. g3 dxc4 4. Qa4+ Nd7 5. Qxc4 a6 6. Bg2 b5 7. Qc2 Bb7 8. 0-0 Ngf6 9. a4 Bd6 10. b3 0-0 11. Bb2 c5 12. axb5 axb5 13. Rxa8 Bxa8 14. Na3 Qb6 15. Qd3 Rb8 16. Nxb5 Bxg3 17. hxg3 Be4 18. Qd6 Qxb5 19. d3 Bd5 20. Nd2 Bxb3 21. Bxf6 gxf6 22. Rb1 Rb6 23. Qc7 Qa5 24. Qxd7 Kg7 25. Rxb3 Qa1+ 26. Kh2 Ra6 27. Rb7 1-0

[Event "Topusko op 2nd"]
[Site "Topusko"]
[Date "2013.08.09"]
[Round "7"]
[White "Sorcinelli, Francesco"]
[Black "Nuhanovic, Nermin"]
[Result "1-0"]
[WhiteElo "2192"]
[BlackElo "1792"]
[PlyCount "111"]
[EventDate "2013.08.03"]
[EventType "swiss"]
[EventRounds "7"]
[EventCountry "CRO"]
[SourceTitle "CBM 155 Extra"]
[Source "ChessBase"]
[SourceDate "2013.08.26"]
[SourceVersion "1"]
[SourceVersionDate "2013.08.26"]
[SourceQuality "1"]

1. Nf3 Nf6 2. c4 c5 3. Nc3 Nc6 4. g3 g6 5. Bg2 Bg7 6. 0-0 d6 7. d4 cxd4 8. Nxd4 Bd7 9. Nc2 0-0 10. b3 Rc8 11. Bb2 a6 12. Nd5 Nxd5 13. Bxg7 Kxg7 14. cxd5 Ne5 15. h3 f6 16. Nd4 Qb6 17. Kh2 Rc3 18. f4 Nf7 19. Qd2 Rfc8 20. Rf3 Qc5 21. Rd1 Rxf3 22. Bxf3 Qc3 23. Ne6+ Bxe6 24. Qxc3 Rxc3 25. dxe6 Nd8 26. Rxd6 Nc6 27. Rd7 Re3 28. Rxb7 Nd4 29. Rxe7+ Kh6 30. Kg2 Nf5 31. Re8 Ng7 32. Rc8 Rxe6 33. Rc6 a5 34. Rxe6 Nxe6 35. Bd5 Nd4 36. Kf2 g5 37. e3 Nb5 38. Bc4 Nc3 39. a3 Ne4+ 40. Kg2 Nd2 41. Bd5 Nb1 42. b4 axb4 43. axb4 Na3 44. Bc6 Nc2 45. b5 Nxe3+ 46. Kf3 Nc4 47. Ke4 gxf4 48. gxf4 Nb6 49. Kd4 Kg6 50. Be4+ Kh5 51. Bxh7 Kh4 52. Kc5 Na4+ 53. Kc6 f5 54. Bxf5 Kg3 55. Bc2 Nc3 56. f5 1-0

[Event "Torino Epifania op"]
[Site "Torino"]
[Date "2013.01.05"]
[Round "4"]
[White "Sorcinelli, Francesco"]
[Black "Bustamante Montini, Richard"]
[Result "1/2-1/2"]
[WhiteElo "2201"]
[BlackElo "2255"]
[PlyCount "57"]
[EventDate "2013.01.02"]
[EventType "swiss"]
[EventRounds "6"]
[EventCountry "ITA"]
[SourceTitle "EXT 2014"]
[Source "ChessBase"]
[SourceDate "2013.11.20"]
[SourceVersion "1"]
[SourceVersionDate "2013.11.20"]
[SourceQuality "1"]

1. e4 d6 2. d4 Nf6 3. Nc3 g6 4. f4 Bg7 5. Nf3 c5 6. dxc5 Qa5 7. Qd4 0-0 8. cxd6 exd6 9. Bd2 Re8 10. Bd3 Bf5 11. Qxd6 Bxe4 12. Nxe4 Nxe4 13. Bxa5 Nxd6+ 14. Kd2 Bxb2 15. Rae1 Nc6 16. Bc7 Ba3 17. Bxd6 Bxd6 18. Rxe8+ Rxe8 19. f5 Ne5 20. Nxe5 Rxe5 21. fxg6 hxg6 22. h3 Kg7 23. Rb1 b6 24. Rb5 Bc5 25. c4 Kf6 26. Rb1 Rg5 27. Be4 Ke5 28. Bd5 Rf5 29. Kd3 1/2-1/2